First U.S. States to Reach 2 Million People - Statistics

General Stats
  • This quiz has been taken 66 times
  • The average score is 8 of 10
Answer Stats
Year State % Correct
1832 New York
100%
1887 Massachusetts
94%
1864 Illinois
90%
1842 Pennsylvania
90%
1851 Ohio
89%
1889 Texas
89%
1889 Michigan
85%
1888 Indiana
77%
1877 Missouri
73%
1893 Iowa
47%
No matching quizzes found
Score Distribution
Percent of People with Each Score
Percentile by Number Answered
Your Score History
You have not taken this quiz